| 000 | 00458nam a2200181Ia 4500 | ||
|---|---|---|---|
| 008 | 230524s9999 xx 000 0 und d | ||
| 020 | _a9789332555150 | ||
| 082 |
_a388 _bPAP |
||
| 100 |
_aC.S. Papacostas _941503 |
||
| 245 | 0 | _aTransportation Engineering and Planning | |
| 250 | _a3 | ||
| 260 |
_aNoida _bPearson _c2015 |
||
| 300 | _a"xvi,679p;" | ||
| 500 | _aQuantity Number: 1 | ||
| 650 | _aCivil | ||
| 700 |
_aP.D. Prevedouros _941504 |
||
| 942 | _cBK | ||
| 999 |
_c55769 _d55769 |
||